000 00691nam a2200253Ia 4500
003 OSt
005 20220924115102.0
006 a|||||r|||| 00| 0
007 ta
008 220923b |||||||| |||| 00| 0 mar d
020 _a333 92323 5 (pbk)
024 _a234913
037 _cTextual
040 _aARTS
_cARTS
_bmar
041 _2mar
_amar
082 _aO155,3N33,CO, 111N7
100 _aNemade Bhalchandra
_964166
245 0 _aCocoon
260 _aChennai
_bMacmillan India Ltd. India
_c1997
300 _axvi,325p.
_ccm.
650 _aENGLISH LITERATURE
942 _hO155,3N33,CO, 111N7
_cTEXL
_2CC
999 _c396662
_d396662